[Event "Oberliga Nord N 9900"]
[Site "Germany"]
[Date "1999.??.??"]
[Round "?"]
[White "Woda, Jacek"]
[Black "Pinski, Jan"]
[Result "1/2-1/2"]
[WhiteElo "2385"]
[BlackElo "2346"]
[PlyCount "56"]
[EventDate "1999.10.??"]
[EventType "team"]
[EventRounds "9"]
[EventCountry "GER"]
[SourceTitle "EXT 2001"]
[Source "ChessBase"]
[SourceDate "2000.11.22"]
[SourceVersion "1"]
[SourceVersionDate "2000.11.22"]
[SourceQuality "1"]

1. e4 e5 2. Nf3 Nc6 3. Bb5 a6 4. Ba4 Nf6 5. 0-0 Be7 6. Re1 b5 7. Bb3 d6 8. c3 0-0 9. h3 Na5 10. Bc2 c5 11. d4 Nd7 12. Nbd2 exd4 13. cxd4 Nc6 14. Nf1 cxd4 15. Nxd4 Nxd4 16. Qxd4 Ne5 17. Qd1 Be6 18. Ne3 Nc4 19. Nxc4 Bxc4 20. Bd2 Bf6 21. Bc3 Bxc3 22. bxc3 Qf6 23. Qd4 Qxd4 24. cxd4 Rfc8 25. Rec1 b4 26. Bb3 Bd3 27. f3 Kf8 28. Kf2 Ke7 1/2-1/2

[Event "Mecklenburg VP LL1 9899"]
[Site "Mecklenburg VP"]
[Date "1998.??.??"]
[Round "?"]
[White "Woda, Jacek"]
[Black "Woll, Wilfried"]
[Result "1-0"]
[WhiteElo "2385"]
[BlackElo "2180"]
[PlyCount "71"]
[EventDate "1998.??.??"]
[EventType "team"]
[EventRounds "9"]
[EventCountry "GER"]
[SourceTitle "EXT 2002"]
[Source "ChessBase"]
[SourceDate "2001.11.25"]
[SourceVersion "1"]
[SourceVersionDate "2001.11.25"]
[SourceQuality "1"]

1. e4 e6 2. d4 d5 3. e5 c5 4. c3 Qb6 5. Nf3 Bd7 6. Be2 Bb5 7. Bxb5+ Qxb5 8. a4 Qd7 9. dxc5 Bxc5 10. b4 Bb6 11. 0-0 Ne7 12. Na3 Nbc6 13. Bf4 Rd8 14. Nb5 0-0 15. Nd6 Rb8 16. Qe2 Bc7 17. Nb5 Ng6 18. Bg3 a6 19. Nbd4 Bb6 20. Rfd1 Rfc8 21. Nb3 Qe7 22. h4 h6 23. h5 Nf8 24. Rd3 Rc7 25. Qd2 Rbc8 26. Re1 Qe8 27. Bf4 Nxb4 28. cxb4 Rc2 29. Qd1 Bxf2+ 30. Kh2 Bxe1 31. Qxe1 Qxa4 32. Nfd4 Rb2 33. Rg3 Kh7 34. Qd1 Qxb4 35. Qg4 g5 36. Bxg5 1-0

[Event "POL-ch 47th"]
[Site "Warsaw"]
[Date "1990.??.??"]
[Round "7"]
[White "Woda, Jacek"]
[Black "Stempin, Pawel"]
[Result "1/2-1/2"]
[WhiteElo "2390"]
[BlackElo "2445"]
[PlyCount "59"]
[EventDate "1990.03.11"]
[EventType "tourn"]
[EventRounds "15"]
[EventCountry "POL"]
[EventCategory "7"]
[SourceTitle "EXT 1997"]
[Source "ChessBase"]
[SourceDate "1996.11.15"]
[SourceVersion "1"]
[SourceVersionDate "1996.11.15"]
[SourceQuality "1"]

1. e4 e5 2. Nf3 Nc6 3. Bb5 Nf6 4. 0-0 Nxe4 5. d4 Nd6 6. Bxc6 dxc6 7. dxe5 Nf5 8. Qxd8+ Kxd8 9. b3 h6 10. Ba3 Be6 11. Bxf8 Rxf8 12. c4 Kc8 13. Nc3 b6 14. Rad1 Kb7 15. Nd4 Rad8 16. Nxf5 Bxf5 17. f3 Bc2 18. Rc1 Bd3 19. Rfd1 g5 20. Kf2 Rfe8 21. Rd2 Bg6 22. Rxd8 Rxd8 23. Rd1 Rxd1 24. Nxd1 b5 25. Ke3 b4 26. Nf2 Bb1 27. Kd2 a5 28. Kc1 Bg6 29. Kd2 Bb1 30. Kc1 1/2-1/2

[Event "Nordic-tt"]
[Site "Aabybro"]
[Date "1989.??.??"]
[Round "?"]
[White "Arnason, Jon Loftur"]
[Black "Woda, Jacek"]
[Result "0-1"]
[WhiteElo "2520"]
[BlackElo "2385"]
[PlyCount "58"]
[EventDate "1989.10.??"]
[EventType "team"]
[EventRounds "7"]
[EventCountry "DEN"]
[SourceTitle "EXT 1997"]
[Source "ChessBase"]
[SourceDate "1996.11.15"]
[SourceVersion "1"]
[SourceVersionDate "1996.11.15"]
[SourceQuality "1"]

1. e4 e5 2. f4 exf4 3. Bc4 d6 4. Nc3 Nc6 5. d4 Qh4+ 6. Kf1 Bg4 7. Qd3 g5 8. Nb5 Rc8 9. Qb3 Nh6 10. d5 Ne5 11. Nxa7 Rd8 12. Bb5+ Bd7 13. Nf3 Nxf3 14. Qxf3 Ng4 15. h3 Ne5 16. Bxd7+ Rxd7 17. Qf2 Qh5 18. Bd2 Bg7 19. Nb5 Nc4 20. Nd4 Bxd4 21. Qxd4 Nxd2+ 22. Qxd2 0-0 23. h4 Re8 24. Re1 Rde7 25. Qd4 g4 26. c4 Qf5 27. h5 Rxe4 28. Rxe4 Rxe4 29. Qa7 Re8 0-1

[Event "POL-ch 46th"]
[Site "Slupsk"]
[Date "1989.??.??"]
[Round "7"]
[White "Matlak, Marek"]
[Black "Woda, Jacek"]
[Result "0-1"]
[WhiteElo "2420"]
[BlackElo "2335"]
[PlyCount "92"]
[EventDate "1989.02.25"]
[EventType "tourn"]
[EventRounds "15"]
[EventCountry "POL"]
[EventCategory "7"]
[SourceTitle "EXT 1997"]
[Source "ChessBase"]
[SourceDate "1996.11.15"]
[SourceVersion "1"]
[SourceVersionDate "1996.11.15"]
[SourceQuality "1"]

1. Nf3 d6 2. d4 Bg4 3. c4 Bxf3 4. gxf3 g6 5. f4 Nf6 6. Qb3 Nc6 7. e3 Qc8 8. Bg2 Bg7 9. Nc3 0-0 10. Bd2 Rb8 11. 0-0 a6 12. Rac1 Qg4 13. Qd1 Qh4 14. Qf3 e5 15. d5 Na5 16. Ne2 b6 17. Qg3 Qh5 18. f3 Nb7 19. fxe5 dxe5 20. Qh3 Qg5 21. Rcd1 Nh5 22. Ng3 Nxg3 23. hxg3 Qe7 24. Bc1 Qc5 25. b3 b5 26. cxb5 axb5 27. Qd7 Nd6 28. Rf2 Nf5 29. Qc6 Qa7 30. Bh3 Nxg3 31. Rc2 Rb7 32. Kg2 Nh5 33. Qc5 Qxc5 34. Rxc5 Ra8 35. Rd2 Bf8 36. Rcc2 f5 37. Re2 Kf7 38. e4 Kf6 39. Rc6+ Bd6 40. f4 fxe4 41. Rxe4 Rxa2+ 42. Kf3 exf4 43. Bg4 Rh2 44. Ba3 b4 45. Bc1 Kg7 46. Ra6 Rb5 0-1

[Event "POL-ch 46th"]
[Site "Slupsk"]
[Date "1989.??.??"]
[Round "5"]
[White "Siekanski, Janusz"]
[Black "Woda, Jacek"]
[Result "1/2-1/2"]
[WhiteElo "2340"]
[BlackElo "2335"]
[PlyCount "75"]
[EventDate "1989.02.25"]
[EventType "tourn"]
[EventRounds "15"]
[EventCountry "POL"]
[EventCategory "7"]
[SourceTitle "EXT 1997"]
[Source "ChessBase"]
[SourceDate "1996.11.15"]
[SourceVersion "1"]
[SourceVersionDate "1996.11.15"]
[SourceQuality "1"]

1. Nf3 d6 2. d4 Bg4 3. e4 Nf6 4. Nc3 e6 5. Be2 Be7 6. d5 exd5 7. exd5 0-0 8. 0-0 c5 9. Bf4 a6 10. a4 Nh5 11. Be3 g6 12. h3 Bxf3 13. Bxf3 Ng7 14. g3 Nd7 15. Bg2 Re8 16. a5 Qc7 17. Ne4 Nf6 18. Bxc5 Nxe4 19. Bb6 Qc4 20. b3 Qc8 21. Bxe4 Bf6 22. Ra4 Qxh3 23. Bg2 Qd7 24. Rc4 Rac8 25. Rxc8 Qxc8 26. c4 Bc3 27. c5 dxc5 28. d6 Bd4 29. b4 Nf5 30. Bh3 Qc6 31. Bxf5 Qxd6 32. Bh3 Qxg3+ 33. Bg2 Qh4 34. Bxc5 Be5 35. Re1 Bh2+ 36. Kf1 Qc4+ 37. Re2 Rxe2 38. Qxe2 1/2-1/2

[Event "Warsaw op"]
[Site "Warsaw"]
[Date "1989.??.??"]
[Round "?"]
[White "Woda, Jacek"]
[Black "Petrosian, Arshak B"]
[Result "0-1"]
[WhiteElo "2335"]
[BlackElo "2475"]
[PlyCount "68"]
[EventDate "1989.04.??"]
[EventType "swiss"]
[EventRounds "9"]
[EventCountry "POL"]
[SourceTitle "EXT 1997"]
[Source "ChessBase"]
[SourceDate "1996.11.15"]
[SourceVersion "1"]
[SourceVersionDate "1996.11.15"]
[SourceQuality "1"]

1. e4 c5 2. Nf3 d6 3. d4 cxd4 4. Nxd4 Nf6 5. Nc3 a6 6. Be3 e5 7. Nf3 Qc7 8. a4 Be7 9. a5 0-0 10. Be2 Nbd7 11. 0-0 b5 12. axb6 Nxb6 13. Qd3 Rb8 14. Nd2 g6 15. Rfb1 Rd8 16. Bxb6 Rxb6 17. Ra4 d5 18. exd5 Bf5 19. Qc4 Qb7 20. Bf3 Qb8 21. Bd1 Rxb2 22. Rxb2 Qxb2 23. Rxa6 Bb4 24. Rxf6 Qxc3 25. Qxc3 Bxc3 26. Nb1 Ba5 27. g4 Rxd5 28. Bf3 e4 29. Be2 Be6 30. Rf4 Re5 31. h4 h6 32. f3 exf3 33. Bf1 Re1 34. Na3 Bb6+ 0-1

[Event "POL-ch 46th"]
[Site "Slupsk"]
[Date "1989.??.??"]
[Round "10"]
[White "Woda, Jacek"]
[Black "Sapis, Witalis"]
[Result "1/2-1/2"]
[WhiteElo "2335"]
[BlackElo "2395"]
[PlyCount "47"]
[EventDate "1989.02.25"]
[EventType "tourn"]
[EventRounds "15"]
[EventCountry "POL"]
[EventCategory "7"]
[SourceTitle "EXT 1997"]
[Source "ChessBase"]
[SourceDate "1996.11.15"]
[SourceVersion "1"]
[SourceVersionDate "1996.11.15"]
[SourceQuality "1"]

1. e4 c6 2. d4 d5 3. Nc3 dxe4 4. Nxe4 Nd7 5. Ng5 Ngf6 6. Bd3 e6 7. N1f3 Bd6 8. Qe2 h6 9. Ne4 Nxe4 10. Qxe4 Nf6 11. Qe2 b6 12. Bd2 Bb7 13. 0-0-0 Qc7 14. Rhe1 0-0-0 15. Ba6 Rhe8 16. Ne5 Bxe5 17. dxe5 Nd5 18. Bxb7+ Qxb7 19. h4 c5 20. g4 Ne7 21. h5 Rd7 22. f4 Red8 23. Rf1 Nc6 24. Bc3 1/2-1/2

[Event "Nordic-tt"]
[Site "Aabybro"]
[Date "1989.??.??"]
[Round "?"]
[White "Woda, Jacek"]
[Black "Sorri, Kari Juhani"]
[Result "1-0"]
[WhiteElo "2385"]
[BlackElo "2300"]
[PlyCount "103"]
[EventDate "1989.10.??"]
[EventType "team"]
[EventRounds "7"]
[EventCountry "DEN"]
[SourceTitle "EXT 1997"]
[Source "ChessBase"]
[SourceDate "1996.11.15"]
[SourceVersion "1"]
[SourceVersionDate "1996.11.15"]
[SourceQuality "1"]

1. e4 e5 2. Nf3 Nc6 3. Bb5 a6 4. Ba4 Nf6 5. 0-0 Nxe4 6. d4 Be7 7. Re1 f5 8. d5 Na5 9. Nxe5 0-0 10. d6 Bxd6 11. Qd5+ Kh8 12. Nf7+ Rxf7 13. Qxf7 Bxh2+ 14. Kf1 b5 15. Qh5 Bd6 16. Nd2 Bb7 17. Bb3 Nxb3 18. axb3 Qg8 19. Nf3 Rf8 20. Be3 Qf7 21. Qxf7 Rxf7 22. Ng5 Rf8 23. Nxe4 fxe4 24. Red1 h6 25. c4 Rf7 26. Ke2 Kg8 27. c5 Be5 28. Bd4 Bxd4 29. Rxd4 Kf8 30. b4 Ke7 31. Ra3 d5 32. Rg3 Kf6 33. Ke3 Re7 34. Rh3 Re5 35. Rh4 Ke7 36. Rd2 Re6 37. Rf4 Re5 38. Kd4 Rh5 39. f3 Bc6 40. Rf2 Rh1 41. fxe4 dxe4 42. Rf7+ Ke6 43. Rxc7 Rd1+ 44. Ke3 Rd3+ 45. Ke2 Bd5 46. Rxg7 Bc4 47. Ke1 Re3+ 48. Kd2 Rd3+ 49. Kc1 Bb3 50. Rd2 Re3 51. Rd6+ Kf5 52. Kd2 1-0

[Event "Rzeszow 19th"]
[Site "Rzeszow"]
[Date "1988.12.10"]
[Round "11"]
[White "Kostyra, Stanislaw"]
[Black "Woda, Jacek"]
[Result "0-1"]
[WhiteElo "2335"]
[BlackElo "2340"]
[PlyCount "136"]
[EventDate "1988.11.30"]
[EventType "tourn"]
[EventRounds "13"]
[EventCountry "POL"]
[EventCategory "4"]
[SourceTitle "EXT 2008"]
[Source "ChessBase"]
[SourceDate "2007.11.25"]
[SourceVersion "1"]
[SourceVersionDate "2007.11.25"]
[SourceQuality "1"]

1. Nf3 Nf6 2. d4 g6 3. Bg5 Bg7 4. Nbd2 c5 5. e3 b6 6. a4 0-0 7. a5 Ba6 8. Bxa6 Nxa6 9. 0-0 h6 10. Bxf6 Bxf6 11. Qe2 Nc7 12. Ne4 Bg7 13. dxc5 bxc5 14. Nxc5 Bxb2 15. Rab1 Bg7 16. Rb7 d6 17. Na6 Nd5 18. Qb5 Nc3 19. Qb4 Nd5 20. Qa3 Qc8 21. Qb3 Nc3 22. e4 e6 23. Re1 Kh7 24. e5 Qc6 25. Nb8 Qc8 26. Nd7 Rd8 27. Nf6+ Bxf6 28. exf6 Kg8 29. Nh4 Nd5 30. Nxg6 fxg6 31. Rg7+ Kf8 32. Qd3 Nf4 33. Qe3 e5 34. g3 Nh3+ 35. Kg2 Ng5 36. h4 Qc6+ 37. f3 Nf7 38. Re2 d5 39. Rxg6 Rd6 40. Rxh6 Rxf6 41. Rxf6 Qxf6 42. Qc5+ Kg7 43. Qxd5 Rd8 44. Qb7 a6 45. c4 Qe6 46. c5 Rd7 47. Qe4 Rd5 48. Rc2 Rd4 49. Qe3 Qc6 50. Qc3 Qd5 51. Qe3 Qc6 52. Kh2 Qg6 53. Qf2 Rd3 54. Rc4 Qh6 55. f4 Qe6 56. Qc2 Qd5 57. Kh3 Rd2 58. Qe4 Qd8 59. fxe5 Nh6 60. e6 Qf6 61. Rc1 Qf2 62. Qe5+ Kh7 63. Qe4+ Nf5 64. Qf4 Qg2+ 65. Kg4 Nh6+ 66. Kg5 Rd5+ 67. Kf6 Qb2+ 68. Ke7 Qb7+ 0-1

[Event "Poznan"]
[Site "Poznan"]
[Date "1987.??.??"]
[Round "?"]
[White "Bozek, Adam"]
[Black "Woda, Jacek"]
[Result "1/2-1/2"]
[WhiteElo "2380"]
[BlackElo "2300"]
[PlyCount "35"]
[EventDate "1987.10.??"]
[EventType "tourn"]
[EventRounds "11"]
[EventCountry "POL"]
[EventCategory "7"]
[SourceTitle "TD"]
[Source "ChessBase"]
[SourceDate "1994.03.01"]
[SourceVersion "1"]
[SourceVersionDate "1994.03.01"]
[SourceQuality "1"]

1. e4 e5 2. Nf3 Nc6 3. Bb5 a6 4. Ba4 Nf6 5. d4 exd4 6. 0-0 Be7 7. e5 Ne4 8. Nxd4 Nxd4 9. Qxd4 Nc5 10. Nc3 0-0 11. Bg5 Nxa4 12. Bxe7 Qxe7 13. Nxa4 Re8 14. f4 b5 15. Nc5 d6 16. exd6 Qxd6 17. Qxd6 cxd6 18. Rfe1 1/2-1/2

[Event "Poznan"]
[Site "Poznan"]
[Date "1987.??.??"]
[Round "?"]
[White "Novikov, Igor A"]
[Black "Woda, Jacek"]
[Result "1-0"]
[WhiteElo "2455"]
[BlackElo "2300"]
[PlyCount "49"]
[EventDate "1987.10.??"]
[EventType "tourn"]
[EventRounds "11"]
[EventCountry "POL"]
[EventCategory "7"]
[SourceTitle "TD"]
[Source "ChessBase"]
[SourceDate "1994.03.01"]
[SourceVersion "1"]
[SourceVersionDate "1994.03.01"]
[SourceQuality "1"]

1. d4 Nf6 2. c4 e6 3. Nf3 c5 4. e3 b6 5. a3 Be7 6. Nc3 d5 7. cxd5 exd5 8. Bb5+ Bd7 9. Be2 Bg4 10. h3 Be6 11. Bb5+ Kf8 12. 0-0 a6 13. Bd3 Nc6 14. Ne5 Qc7 15. Nxc6 Qxc6 16. f4 g6 17. f5 Bd7 18. e4 gxf5 19. exd5 Nxd5 20. Bxf5 Rg8 21. Bxd7 Rxg2+ 22. Kh1 Qg6 23. Qf3 Rg3 24. Bh6+ Kg8 25. Qxg3 1-0

[Event "POL-chT 43rd"]
[Site "Jachranka"]
[Date "1987.??.??"]
[Round "1"]
[White "Swic, Waldemar"]
[Black "Woda, Jacek"]
[Result "1/2-1/2"]
[WhiteElo "2310"]
[BlackElo "2300"]
[PlyCount "73"]
[EventDate "1987.09.23"]
[EventType "team-tourn"]
[EventRounds "11"]
[EventCountry "POL"]
[SourceTitle "EXT 2019"]
[Source "ChessBase"]
[SourceDate "2018.10.10"]
[SourceVersion "1"]
[SourceVersionDate "2018.10.10"]
[SourceQuality "1"]
[WhiteTeam "Lodz Anilana"]
[BlackTeam "Poznan Lech"]
[WhiteTeamCountry "POL"]
[BlackTeamCountry "POL"]

1. e4 e5 2. Nf3 Nc6 3. Bb5 a6 4. Bxc6 dxc6 5. Nc3 Bg4 6. h3 Bxf3 7. Qxf3 Qf6 8. Qxf6 Nxf6 9. d3 Bb4 10. Bd2 0-0 11. 0-0 Rad8 12. Rae1 Nd7 13. f4 f6 14. f5 g5 15. g4 Kf7 16. Kg2 h5 17. gxh5 Rh8 18. h4 gxh4 19. Kh3 Rxh5 20. Rg1 Bc5 21. Rg2 Rdh8 22. Ne2 R5h7 23. Rh1 Bf8 24. Ng1 b5 25. Nf3 Nb6 26. b3 c5 27. Be3 Nc8 28. Rhg1 c4 29. d4 exd4 30. Bxd4 Nd6 31. Rg4 Rg7 32. bxc4 Nxc4 33. Rg6 Rxg6 34. Rxg6 Rh6 35. Rxh6 Bxh6 36. e5 fxe5 37. Nxe5+ 1/2-1/2

[Event "Poznan"]
[Site "Poznan"]
[Date "1987.??.??"]
[Round "?"]
[White "Woda, Jacek"]
[Black "Bernard, Ryszard"]
[Result "1/2-1/2"]
[WhiteElo "2300"]
[BlackElo "2335"]
[PlyCount "59"]
[EventDate "1987.10.??"]
[EventType "tourn"]
[EventRounds "11"]
[EventCountry "POL"]
[EventCategory "7"]
[SourceTitle "TD"]
[Source "ChessBase"]
[SourceDate "1994.03.01"]
[SourceVersion "1"]
[SourceVersionDate "1994.03.01"]
[SourceQuality "1"]

1. e4 c5 2. Nf3 d6 3. d4 cxd4 4. Nxd4 Nf6 5. Nc3 a6 6. Be2 e5 7. Nb3 Be7 8. 0-0 0-0 9. a4 Be6 10. f4 Qc7 11. Be3 Nbd7 12. f5 Bc4 13. a5 b5 14. axb6 Nxb6 15. Kh1 Bb5 16. Bxb5 axb5 17. Bxb6 Qxb6 18. Nd5 Nxd5 19. Qxd5 Ra4 20. c3 Qa6 21. Rfd1 h6 22. Rxa4 bxa4 23. Nc1 Bg5 24. Nd3 Rc8 25. Ra1 h5 26. g3 h4 27. gxh4 Bxh4 28. Kg2 Rc5 29. Nxc5 Qe2+ 30. Kh3 1/2-1/2